Zlepšenie výkonových parametrov montážnej linky pre výrobu motorov

Salvato in:
Dettagli Bibliografici
Autore principale: Regina, Martin (Autore)
Altri autori: Važan, Pavel (Relatore della tesi)
Natura: Manoscritto Libro
Lingua:slovacco
Pubblicazione: 2019
Soggetti:
Accesso online:http://is.stuba.sk/zp/portal_zp.pl?podrobnosti=143694
Tags: Aggiungi Tag
Nessun Tag, puoi essere il primo ad aggiungerne!!

MARC

LEADER 00000ntm a22000003a 4500
001 stuzp72388
003 SK-STU
005 20190615211920.8
007 ta
008 150427s2015----xo-----f-mn---000-0-slo-d
040 |a STU  |b slo 
041 0 |a slo 
100 1 |a Regina, Martin  |u 066000  |k Z4  |4 aut  |U MTF Materiálovotechnologická fakulta  |T MTF Ústav aplikovanej informatiky, automatizácie a mechatroniky  |X 69853  |U M6000  |Y 86  |7 69853 
242 0 1 |a The power parameters improvement of the engine assembly line  |y eng 
245 1 0 |a Zlepšenie výkonových parametrov montážnej linky pre výrobu motorov 
260 |c 2019 
650 4 |a simulácia  |2 slo 
650 4 |a optimalizácia  |2 slo 
650 4 |a witness  |2 slo 
650 4 |a montážna linka  |2 slo 
650 4 |a výroba  |2 slo 
650 4 |a experiment  |2 slo 
650 4 |a simulation  |2 eng 
650 4 |a optimization  |2 eng 
650 4 |a witness  |2 eng 
650 4 |a assembly line  |2 eng 
650 4 |a experiment  |2 eng 
650 4 |a production  |2 eng 
700 1 |a Važan, Pavel  |u 066000  |k Z1  |4 ths  |U MTF Materiálovotechnologická fakulta  |T MTF Ústav aplikovanej informatiky, automatizácie a mechatroniky  |X 323  |U M6000  |Y 86  |7 A000000323 
856 4 |u http://is.stuba.sk/zp/portal_zp.pl?podrobnosti=143694 
996 |b .  |c M* DP-13888  |l MMSKP  |s P  |a 0  |w stuzp72388_0001